000 01077nam a2200217 a 4500
001 000330668
003 AM-YeHGA
005 20250617130749.0
008 040430s1986 ||| r 000 0 rus d
040 _aAM-YeHGA
041 0 _arus
100 1 _aМалышев, Алексей Александрович.
245 1 0 _aЖеньшень :
_b(Биология и разведение) /
_cА.А. Малышев.
250 _a2-е изд., перераб.
260 _aМосква :
_bАгропромиздат,
_c1986.
300 _a144 с. :
_bил.
500 _aНа обл. в подзаг.: Распространение; Биология; Лекарственная ценность; Заготовка, сушка корней; Промышленное и опытное разведение; Агротехника выращивания; Женьшень в огороде и дома; Перспективы разведения и использования
504 _aБиблиогр.: с. 134-140
653 0 _aЖеньшень
090 _c125184
999 _c123829
_d123829